Culture Générale - Série 2509 - Statistiques

Statistiques générales
  • Ce quiz a été pris 123 fois
  • Le résultat moyen est 4 sur 10
Statistiques - réponses
Question Réponse % Correct
Dans quelle état des Etats Unis se trouve la ville de Houston ? Texas
89%
Ce mot désigne : un conifère - un égouttoir à bouteilles - un château prison if
57%
Quel mot de 6 lettres désigne un mauvais, vieux bateau ? rafiot
55%
Qui a peint "La ronde de nuit" en 1642 ? voir photo Rembrandt
44%
Ce mot peut désigner : un titre de noblesse-une voile-un auvent-un fauteuil-un bijou-un dessert-une boisson marquise
40%
Quel mot familier de 8 lettres commençant par " e " est synonyme d'achat, acquisition ? emplette
35%
Série de notes émises successivement et qui, considérées ensemble, forment un accord arpège
24%
Substance extraite de la caillette des jeunes ruminants, contenant un enzyme qui fait cailler le lait présure
14%
Quand il est transitif ce verbe signifie "Dénigrer, médire de" et pronominal "déguerpir,fuir" débiner
5%
Dans le roman "La Faute de l'abbé Mouret" d'Emile Zola, quel est le prénom de l'abbé ? Serge
2%
Aucun quiz correspondant
Distribution des résultats
% des personnes avec chaque résultat
Percentile par nombre de réponses
Votre historique - résultats
Vous n’avez pas pris ce quiz